Normal view
MARC view
Entry Personal Name
001 - CONTROL NUMBER
- control field: 55934
003 - CONTROL NUMBER IDENTIFIER
- control field: OSt
005 - DATE AND TIME OF LATEST TRANSACTION
- control field: 20250801145654.0
008 - FIXED-LENGTH DATA ELEMENTS
- fixed length control field: 250801|| aca||aabn | a|a d
040 ## - CATALOGING SOURCE
- Original cataloging agency: OSt
- Transcribing agency: OSt
100 ## - HEADING--PERSONAL NAME
- Personal name: Bronner, Yigal and Shulman, David
670 ## - SOURCE DATA FOUND
- Source citation: Work cat.: (OSt)527026: Bronner, Yigal and Shulman, David , Thinking with two heads: The poetics of asat in early-modern India
